The Sick - Bella Kay - Statistics

General Stats
  • This quiz has been taken 22 times
  • The average score is 208 of 302
Answer Stats
Answer % Correct
I
100%
The
93%
To
93%
A
86%
It
86%
Love
86%
Me
86%
Sick
86%
You
86%
And
79%
Be
79%
But
79%
Daddy’s
79%
Hatin
79%
Hope
79%
Oh
79%
Shit
79%
That
79%
Was
79%
What
79%
Apple
71%
Does
71%
Doesn’t
71%
Done
71%
Fall
71%
Far
71%
From
71%
Know
71%
So
71%
Tree
71%
Your
71%
Because
64%
Breathe
64%
Did
64%
Don’t
64%
Dont
64%
For
64%
Girl
64%
Have
64%
How
64%
Loved
64%
Save
64%
Since
64%
Smoke
64%
Survivin
64%
Then
64%
Think
64%
We’re
64%
Wrong
64%
Again
57%
Between
57%
Could
57%
Hated
57%
I’m
57%
I’ve
57%
Kinda
57%
Knew
57%
Like
57%
Likin
57%
Of
57%
She
57%
Sorry
57%
Usin
57%
Wasn’t
57%
You’re
57%
All
50%
Better
50%
Job
50%
Need
50%
Never
50%
Not
50%
Nothin
50%
Part
50%
Pretty
50%
Saves
50%
Shitty
50%
Sure
50%
There
50%
Won’t
50%
Eventually
43%
Goes
43%
On
43%
Settle
43%
With
43%
Bad
36%
Get
36%
Guess
36%
Is
36%
Might
36%
Why
36%
Are
29%
Can
29%
Fire
29%
Fuckin
29%
It’s
29%
My
29%
Say
29%
Use
29%
Well
29%
At
21%
Believe
21%
Call
21%
Enough
21%
Fault
21%
Goddamn
21%
If
21%
Lighter
21%
Pants
21%
Them
21%
No matching quizzes found
Score Distribution
Percent of People with Each Score
Percentile by Number Answered
Your Score History
You have not taken this quiz